00534nam a2200205Ia 4500003000400000005001700004008004100021020001500062040001800077041000800095082002100103100002200124245005200146250001200198260004100210300002500251650002400276650001400300650001400314OSt20241106150500.0210716s2005 xx 000 0 und d a8178294958 cAIMIT LIBRARY aeng a650.02 21bSARD asarkar, Debashis. aIndia business quiz book /cBy Debashis Sarkar. a1st ed. aNew Delhi :bResponse Books ,c2005. a158p. ;bPBc18.8 cm aBrands and products aCompanies aMixed bag